00675cam a22002054a 45000010009000000050017000090080041000260100017000670200022000840500020001062450115001262500012002412600046002533000034002995040041003336500029003747000020004037000022004237000024004451461538220170116083743.0061030s2008 caua b 000 0 eng  a 2006937607 a0495094749 (pbk.)00aHD58.7.C52 200800aClassic readings in organizational behavior /cJ. Steven Ott, Sandra J. Parkes, Richard B. Simpson, [editors]. a4th ed. aBelmont, CA :bThomson/Wadsworth,cc2008. axix, 476 p. :bill. ;c24 cm. aIncludes bibliographical references. 0aOrganizational behavior.1 aOtt, J. Steven.1 aParkes, Sandra J.1 aSimpson, Richard B.